| 000 | 00780nam a2200205 a 4500 | ||
|---|---|---|---|
| 001 | 000048478 | ||
| 005 | 20201002061201.0 | ||
| 008 | 190322s2013 dr ac 000 0 spa d | ||
| 040 |
_aDO-SdBNP _bspa _cBNPHU |
||
| 082 |
_axx _bxx |
||
| 245 | 0 | 0 |
_aGuía de parques divertidos : _bconoce nuestros parques favoritos de la ciudad de Santo Domingo / _cCamila Mejía, Diego Capeáns, Maia Castañeda y Manuel Martínez ; fotografías Alex Otero. |
| 260 |
_a[Santo Domingo] : _bJardín Botanico Nacional, _c2013. |
||
| 300 |
_a20 p. : _bils. ; _c23 cm. |
||
| 590 | _aInventariado, 2019/VM | ||
| 700 | 1 |
_aMejía, Camila _975894 |
|
| 700 | 1 |
_aCapeáns, Diego _975895 |
|
| 700 | 1 |
_aCastañeda, Maia _975896 |
|
| 700 | 1 |
_aMartínez, Manuel _975897 |
|
| 700 | 1 |
_aOtero, Alex _efotografías _975898 |
|
| 999 |
_c47966 _d47966 |
||